[Event "Gibraltar Challengers A 2020"]
[Site "Caleta"]
[Date "2020.01.21"]
[Round "3.35"]
[White "Adewole, Adeyinka"]
[Black "Niharika Ch"]
[Result "0-1"]
[WhiteElo "1941"]
[BlackElo "1865"]
[Annotator "NA RC"]
[PlyCount "70"]
[EventDate "2020.01.20"]
[EventType "swiss"]
[EventCountry "GGB"]
[SourceTitle "playchess.com"]
[Source "ChessBase"]
[SourceQuality "1"]
[TimeControl "6600+10"]

1. c4 {[%emt 0:09:46]} Nf6 {[%emt 0:00:00]} 2. Nc3 {[%emt 0:00:25]} e6 {[%emt 0:00:04]} 3. e3 {[%emt 0:01:07]} d5 {[%emt 0:00:15]} 4. d4 {[%emt 0:00:14]} Bb4 {[%emt 0:00:10]} 5. Nf3 {[%emt 0:00:37]} O-O {[%emt 0:00:07]} 6. Qb3 {[%emt 0:00:36] E50: Nimzo-Indian: Rubinstein: 4...0-0 5 Nf3} (6. Bd2 b6 7. cxd5 exd5 8. Bd3 Bb7 9. Ne5 Bd6 10. O-O c5 11. Rc1 Nc6 12. Ng4 Nd7 13. Nh6+ gxh6 14. Qg4+ Kh8 15. Qf5 Nf6 16. Nxd5 Nxd4 17. Qxf6+ Qxf6 18. Nxf6 {½-½ (40) Wei,Y (2725)-Karjakin,S (2754) Jerusalem 2019}) 6... Bxc3+ {[%emt 0:00:09]} 7. bxc3 {[%emt 0:00:12]} b6 {[%emt 0:00:43]} 8. cxd5 {[%emt 0:01:19]} exd5 {[%emt 0:00:16]} 9. Ne5 {[%emt 0:00:29]} Bf5 {[%emt 0:02:05]} 10. Be2 $146 {[%emt 0:00:59]} ({Predecessor:} 10. Bb5 a6 11. Qa4 Bd7 12. Bxd7 Nbxd7 13. Nc6 b5 {0-1 (27) Kuehneweg,C-Reinholz,B Recklinghausen 2005}) 10... c5 {[%emt 0:04:38]} 11. Ba3 {[%emt 0:00:28]} c4 {[%emt 0:02:13]} 12. Qb2 {[%emt 0:01:52]} Re8 {[%emt 0:00:48]} 13. g4 {[%emt 0:00:45]} Be6 {[%emt 0:16:16]} 14. Bf3 {[%emt 0:03:13]} ({Better is} 14. O-O $11) 14... Nbd7 {[%emt 0:05:37]} 15. Nc6 {[%emt 0:02:46]} Qc7 {[%emt 0:06:39]} 16. Ne7+ {[%emt 0:00:15]} Kh8 {[%emt 0:08:34]} 17. h3 {[%emt 0:02:59]} Rad8 {[%emt 0:04:14]} 18. Qc2 {[%emt 0:05:48] [#]} ({Better is} 18. g5 $1 $15) 18... Nf8 $1 {[%emt 0:09:25]} 19. Nf5 {[%emt 0:01:08] [#]} Ng6 $1 {[%emt 0:01:40]} 20. h4 $2 {[%emt 0:03:38] [#]} (20. Ng3 $17) 20... Nf4 $1 {[%emt 0:00:54]} 21. Kf1 {[%emt 0:01:20]} Nd3 {[%emt 0:04:36]} 22. Be2 {[%emt 0:01:14]} h5 {[%emt 0:10:03]} 23. Ng3 {[%emt 0:06:04]} Bxg4 {[%emt 0:07:10]} 24. Bxd3 {[%emt 0:02:14]} cxd3 {[%emt 0:00:03]} 25. Qxd3 {[%emt 0:00:16]} Bf3 {[%emt 0:00:25]} 26. Rg1 {[%emt 0:00:51]} Ne4 {[%emt 0:00:56]} 27. Bb2 {[%emt 0:07:34]} Rd6 {[%emt 0:02:12]} 28. Nxe4 {[%emt 0:02:04]} Rxe4 {[%emt 0:03:04]} ({Less strong is} 28... Bxe4 29. Qb5 $17) 29. Rg3 {[%emt 0:00:45]} Rf6 $19 {[%emt 0:00:48]} 30. Qb5 {[%emt 0:10:56]} Rxe3 {[%emt 0:03:53]} 31. Re1 {[%emt 0:02:29]} Be2+ {[%emt 0:02:34]} 32. Rxe2 {[%emt 0:00:36]} Qxg3 {[%emt 0:00:11]} 33. Qxd5 {[%emt 0:01:58]} Rxe2 {[%emt 0:01:30]} 34. Qxh5+ {[%emt 0:01:09]} Kg8 {[%emt 0:00:06]} 35. Qxe2 {[%emt 0:02:16]} Qh3+ {[%emt 0:00:07] Qd1} 0-1

[Event "Gibraltar Challengers A 2020"]
[Site "Caleta"]
[Date "2020.01.21"]
[Round "3.36"]
[White "Lafour, Jephte"]
[Black "Aura, Kristian"]
[Result "0-1"]
[WhiteElo "1690"]
[BlackElo "1928"]
[Annotator "NA RC"]
[PlyCount "142"]
[EventDate "2020.01.20"]
[EventType "swiss"]
[EventCountry "GGB"]
[SourceTitle "playchess.com"]
[Source "ChessBase"]
[SourceQuality "1"]
[TimeControl "6600+10"]

1. e4 {[%emt 0:28:35]} c5 {[%emt 0:00:20]} 2. Nf3 {[%emt 0:00:02]} d6 {[%emt 0:00:08]} 3. g3 {[%emt 0:01:18]} g6 {[%emt 0:00:23]} 4. Bg2 {[%emt 0:00:10]} Bg7 {[%emt 0:00:05]} 5. O-O {[%emt 0:00:19]} Nc6 {[%emt 0:00:14]} 6. d3 {[%emt 0:00:36]} e6 {[%emt 0:00:09]} 7. c3 {[%emt 0:00:51]} Nge7 {[%emt 0:02:30]} 8. Be3 {[%emt 0:02:33]} O-O {[%emt 0:03:03]} 9. Qb3 {[%emt 0:04:09] A04: Unusual lines after 1 Nf3 and King's Indian Attack} (9. Qd2 e5 10. Bh6 Bxh6 11. Qxh6 f6 12. Na3 Be6 13. Rfd1 Qb6 14. Bh3 Bf7 15. Nc4 Qc7 16. Ne3 Kh8 17. Bg4 {0-1 (27) Rathnakaran,K (2417)-Nguyen,H (2496) Al Ain 2015}) 9... Rb8 {[%emt 0:03:04]} 10. Na3 $146 {[%emt 0:02:29]} ({Predecessor:} 10. Nh4 Qc7 11. Nd2 b5 12. Rab1 Ne5 13. Qc2 c4 14. dxc4 bxc4 15. Qa4 Bd7 16. Qxa7 Qxa7 17. Bxa7 {½-½ (26) Wunderlich,K-Wokrina,A Germany 1997}) 10... b5 {[%emt 0:01:56]} 11. Qd1 {[%emt 0:01:09]} (11. Qc2 $11 {remains equal.}) 11... b4 {[%emt 0:01:16]} 12. Nb1 {[%emt 0:00:19]} Ba6 {[%emt 0:03:49]} 13. Re1 {[%emt 0:00:03]} bxc3 {[%emt 0:06:40]} 14. bxc3 {[%emt 0:00:19]} Qa5 {[%emt 0:05:01]} 15. d4 {[%emt 0:02:18]} cxd4 {[%emt 0:15:54]} 16. Nxd4 {[%emt 0:13:07]} Ne5 {[%emt 0:06:17]} 17. Nb3 {[%emt 0:03:29]} Qc7 {[%emt 0:00:02]} 18. Bf1 {[%emt 0:04:47]} Bxf1 {[%emt 0:02:21]} 19. Rxf1 {[%emt 0:01:10]} f5 {[%emt 0:06:38]} 20. Nd4 {[%emt 0:05:13]} Qd7 {[%emt 0:08:09]} 21. f3 {[%emt 0:05:13]} fxe4 {[%emt 0:06:08]} 22. fxe4 {[%emt 0:12:00]} Rxf1+ {[%emt 0:03:54]} 23. Kxf1 {[%emt 0:02:46]} Rf8+ {[%emt 0:01:05]} 24. Kg2 {[%emt 0:01:53]} d5 {[%emt 0:10:22]} 25. Qb3 {[%emt 0:06:06]} Ng4 {[%emt 0:09:40]} 26. Bg1 {[%emt 0:00:51]} Kh8 {[%emt 0:00:42]} 27. Nd2 {[%emt 0:01:19]} e5 {[%emt 0:00:42]} 28. N4f3 {[%emt 0:02:06]} dxe4 {[%emt 0:01:02]} 29. Nxe4 {[%emt 0:01:00]} Qd3 {[%emt 0:05:59]} 30. Nfg5 {[%emt 0:04:07]} h6 {[%emt 0:01:40]} 31. Nf7+ {[%emt 0:00:34]} Kh7 {[%emt 0:03:02]} 32. Ned6 {[%emt 0:00:43]} Nf5 {[%emt 0:00:59]} 33. Nxf5 {[%emt 0:01:31]} Qxf5 {[%emt 0:00:29]} 34. Nd6 {[%emt 0:00:49]} Qf3+ {[%emt 0:00:05]} 35. Kh3 {[%emt 0:00:10]} h5 {[%emt 0:00:45]} 36. Qb7 {[%emt 0:00:22]} Qxb7 {[%emt 0:00:57]} 37. Nxb7 {[%emt 0:00:02]} e4 {[%emt 0:00:03]} 38. Rc1 {[%emt 0:00:41]} Rb8 {[%emt 0:00:02]} 39. Nd6 {[%emt 0:00:11]} e3 {[%emt 0:00:04]} 40. Ne4 {[%emt 0:00:10]} Rb2 {[%emt 0:00:08]} 41. Ng5+ {[%emt 0:00:25]} Kg8 {[%emt 0:00:07]} 42. c4 {[%emt 0:00:00]} Bh6 {[%emt 0:00:11]} ({Not} 42... Rxa2 43. c5 $17) 43. Nf3 {[%emt 0:00:00]} Rxa2 {[%emt 0:00:39]} 44. Rd1 {[%emt 0:00:00]} e2 {[%emt 0:00:04]} 45. Rd8+ {[%emt 0:00:00]} Kf7 {[%emt 0:00:10]} 46. Rd7+ {[%emt 0:00:00]} Ke6 {[%emt 0:00:03]} 47. Rc7 {[%emt 0:00:00]} Be3 {[%emt 0:00:10]} 48. Bxe3 {[%emt 0:00:00]} e1=Q {[%emt 0:00:08]} 49. Nd4+ {[%emt 0:00:06] [#]} Kf6 $1 {[%emt 0:00:17]} 50. Rc6+ {[%emt 0:00:05] [#]} Kf7 $1 {[%emt 0:00:18]} 51. Rc7+ {[%emt 0:00:02] [#]} Ke8 {[%emt 0:00:05]} 52. Re7+ {[%emt 0:02:17]} Kxe7 {[%emt 0:00:11]} 53. Bg5+ {[%emt 0:00:02]} Ke8 {[%emt 0:00:05]} 54. Nf3 {[%emt 0:00:03]} Qf2 {[%emt 0:00:14]} 55. Be3 {[%emt 0:00:11]} Qxf3 {[%emt 0:00:07]} 56. Bg1 {[%emt 0:00:04]} Qg2+ {[%emt 0:00:06]} 57. Kh4 {[%emt 0:00:03]} Qxg1 {[%emt 0:00:05]} 58. c5 {[%emt 0:00:01]} Rxh2+ {[%emt 0:00:05]} 59. Kg5 {[%emt 0:00:02]} Qe3+ {[%emt 0:00:04]} 60. Kxg6 {[%emt 0:00:02]} Ne5+ {[%emt 0:00:07]} 61. Kf5 {[%emt 0:00:04]} Rf2+ {[%emt 0:00:04]} 62. Ke6 {[%emt 0:00:02]} Nd3+ {[%emt 0:00:04]} 63. Kd5 {[%emt 0:00:02]} Rf5+ {[%emt 0:00:03]} 64. Kc4 {[%emt 0:00:04]} Qe4+ {[%emt 0:00:05]} 65. Kc3 {[%emt 0:00:02]} Rxc5+ {[%emt 0:00:03]} 66. Kd2 {[%emt 0:00:02]} Qe1+ {[%emt 0:00:05]} 67. Kxd3 {[%emt 0:00:03]} Rd5+ {[%emt 0:00:03]} 68. Kc4 {[%emt 0:00:01]} Rd8 {[%emt 0:00:04]} 69. g4 {[%emt 0:00:01]} Qc1+ {[%emt 0:00:03]} 70. Kb5 {[%emt 0:00:02]} Rb8+ {[%emt 0:00:03]} 71. Ka6 {[%emt 0:00:03]} Qa3# {[%emt 0:00:03]} 0-1

[Event "Gibraltar Challengers A 2020"]
[Site "Caleta"]
[Date "2020.01.21"]
[Round "3.37"]
[White "Fischer, Robert"]
[Black "Campuzano, Franco"]
[Result "1-0"]
[WhiteElo "1923"]
[BlackElo "1785"]
[Annotator "NA RC"]
[PlyCount "109"]
[EventDate "2020.01.20"]
[EventType "swiss"]
[EventCountry "GGB"]
[SourceTitle "playchess.com"]
[Source "ChessBase"]
[SourceQuality "1"]
[TimeControl "6600+10"]

1. e4 {[%emt 0:00:03]} e6 {[%emt 0:01:56]} 2. d4 {[%emt 0:00:16]} d5 {[%emt 0:00:16]} 3. exd5 {[%emt 0:00:10]} exd5 {[%emt 0:00:19]} 4. Nf3 {[%emt 0:00:11]} Bg4 {[%emt 0:01:11]} 5. Bd3 {[%emt 0:02:03]} Nf6 {[%emt 0:00:52]} 6. O-O {[%emt 0:00:19]} Be7 {[%emt 0:00:15]} 7. c3 {[%emt 0:03:44]} O-O {[%emt 0:02:15] C01: French: Exchange Variation} 8. Nbd2 {[%emt 0:04:07]} b6 {[%emt 0:01:34]} (8... Nbd7 9. Qc2 Bd6 10. h3 Bh5 11. Ng5 h6 12. Ngf3 Re8 13. g4 Bg6 14. Bxg6 fxg6 15. Qxg6 Nf8 16. Qf5 Ne6 17. Re1 Nf4 18. Rxe8+ Qxe8 {½-½ (36) Solak,D (2618)-Naiditsch,A (2727) Warsaw 2013}) 9. Qc2 {[%emt 0:00:57]} c5 {[%emt 0:01:43]} 10. Ne5 {[%emt 0:02:39]} Bh5 {[%emt 0:05:40]} 11. Re1 $146 {[%emt 0:02:23]} ({Predecessor:} 11. Ndf3 cxd4 {½-½ (11) Bernardi,R-Vezzosi,P (2300) Montecatini Terme 1994}) 11... c4 {[%emt 0:01:02]} 12. Bf5 {[%emt 0:01:12]} Bg6 {[%emt 0:01:19]} 13. Bxg6 {[%emt 0:02:12]} fxg6 {[%emt 0:01:54]} 14. Ndf3 {[%emt 0:02:33]} Nfd7 {[%emt 0:03:22] [#]} (14... Bd6 $16 {is a better defense.}) 15. Nxc4 $1 {[%emt 0:04:16]} Nc6 {[%emt 0:07:55]} 16. Qb3 {[%emt 0:08:48]} Nf6 {[%emt 0:09:40]} 17. Nce5 {[%emt 0:01:44]} Rc8 {[%emt 0:01:02]} 18. Bg5 {[%emt 0:05:56]} Kh8 {[%emt 0:06:37]} 19. Qb5 {[%emt 0:06:35]} Nb8 {[%emt 0:04:03]} 20. Qe2 {[%emt 0:02:59]} Ne4 {[%emt 0:01:08]} 21. Bxe7 {[%emt 0:01:52]} Qxe7 {[%emt 0:00:16]} 22. Nd2 {[%emt 0:03:11]} Qf6 {[%emt 0:05:11]} 23. Nxe4 {[%emt 0:01:27]} dxe4 {[%emt 0:00:04]} 24. Rf1 {[%emt 0:00:57]} Rce8 {[%emt 0:05:07]} 25. Qxe4 {[%emt 0:01:40]} Re7 {[%emt 0:00:47]} 26. Rae1 {[%emt 0:02:20]} Rfe8 {[%emt 0:03:42]} 27. Qf3 {[%emt 0:01:40]} Qxf3 {[%emt 0:04:06]} 28. Nxf3 {[%emt 0:01:00]} Rxe1 {[%emt 0:00:20]} 29. Rxe1 {[%emt 0:00:09]} Rxe1+ {[%emt 0:00:18]} 30. Nxe1 {[%emt 0:00:01]} Kg8 {[%emt 0:00:26]} 31. Nf3 {[%emt 0:00:35]} Kf8 {[%emt 0:02:04]} 32. Ne5 {[%emt 0:00:58]} Ke7 {[%emt 0:00:28]} 33. Kf1 {[%emt 0:00:34]} Kd6 {[%emt 0:01:23]} 34. Ke2 {[%emt 0:00:36]} Na6 {[%emt 0:00:17]} 35. h4 {[%emt 0:00:51]} Nc7 {[%emt 0:00:34]} 36. Kd3 {[%emt 0:01:47]} Nd5 {[%emt 0:00:53]} 37. g3 {[%emt 0:01:42]} a6 {[%emt 0:01:49]} 38. Nf7+ {[%emt 0:02:18]} Ke7 {[%emt 0:00:37]} 39. Ng5 {[%emt 0:02:55]} h6 {[%emt 0:00:12]} 40. Nf3 {[%emt 0:01:05]} Ke6 {[%emt 0:01:43]} 41. a3 {[%emt 0:00:49]} b5 {[%emt 0:01:23]} 42. Ne5 {[%emt 0:01:51]} g5 {[%emt 0:01:02]} 43. hxg5 {[%emt 0:00:29]} hxg5 {[%emt 0:00:03]} 44. b3 {[%emt 0:01:16]} Kf5 {[%emt 0:01:15]} 45. c4 {[%emt 0:00:54]} bxc4+ {[%emt 0:00:16]} 46. bxc4 {[%emt 0:00:01]} Nf6 {[%emt 0:00:46]} 47. a4 {[%emt 0:02:09]} Ne4 {[%emt 0:00:49]} 48. Ke3 {[%emt 0:00:49]} Nc3 {[%emt 0:00:31]} 49. g4+ {[%emt 0:03:44]} Ke6 {[%emt 0:00:31]} 50. a5 {[%emt 0:00:51]} Nd1+ {[%emt 0:00:49]} 51. Kf3 $18 {[%emt 0:01:33]} Nb2 {[%emt 0:01:20]} 52. Ke4 {[%emt 0:01:56]} g6 {[%emt 0:01:45]} 53. d5+ {[%emt 0:00:52]} Kf6 {[%emt 0:00:42]} 54. c5 {[%emt 0:02:48]} Na4 {[%emt 0:00:43]} 55. Kd4 {[%emt 0:01:32]} 1-0

[Event "Gibraltar Challengers A 2020"]
[Site "Caleta"]
[Date "2020.01.21"]
[Round "3.38"]
[White "Brown, David"]
[Black "Hng, Mei-Xian Eunice"]
[Result "0-1"]
[WhiteElo "1916"]
[BlackElo "1661"]
[Annotator "NA RC"]
[PlyCount "84"]
[EventDate "2020.01.20"]
[EventType "swiss"]
[EventCountry "GGB"]
[SourceTitle "playchess.com"]
[Source "ChessBase"]
[SourceQuality "1"]
[TimeControl "6600+10"]

1. e4 {[%emt 0:00:00]} c5 {[%emt 0:00:03]} 2. Nf3 {[%emt 0:00:02]} e6 {[%emt 0:00:06]} 3. d4 {[%emt 0:00:09]} cxd4 {[%emt 0:00:13]} 4. Nxd4 {[%emt 0:00:03]} a6 {[%emt 0:00:06]} 5. Bd3 {[%emt 0:04:39]} Bc5 {[%emt 0:00:29]} 6. Nb3 {[%emt 0:00:26]} Ba7 {[%emt 0:00:30]} 7. O-O {[%emt 0:01:43]} Nc6 {[%emt 0:00:52]} 8. c3 {[%emt 0:01:58] B42: Sicilian: Kan Variation: 5 Bd3} (8. Qg4 Qf6 9. Bg5 Qg6 10. Qh4 h6 11. Bf4 Nf6 12. N1d2 e5 13. Be3 Bxe3 14. fxe3 b5 15. a4 Rb8 16. axb5 axb5 {½-½ (44) Navara,D (2733)-Babula,V (2549) Ostrava 2019}) 8... Nf6 {[%emt 0:09:06]} 9. Qe2 {[%emt 0:03:10]} d6 {[%emt 0:02:39]} 10. Na3 $146 {[%emt 0:02:09]} ({Predecessor:} 10. N1d2 O-O 11. a4 Ne5 12. Bc2 Bd7 13. Nd4 Qc7 14. N2f3 Ng6 {0-1 (38) February,J (1933)-Pais,B (1817) Sao Martinho do Porto 2018}) 10... h6 {[%emt 0:06:43]} 11. Be3 {[%emt 0:04:27]} O-O {[%emt 0:05:43]} 12. Rad1 {[%emt 0:03:14]} b5 {[%emt 0:09:51]} 13. Bb1 {[%emt 0:04:50]} Bxe3 {[%emt 0:05:55]} 14. Qxe3 {[%emt 0:00:12]} Qc7 {[%emt 0:00:21]} 15. Qf4 {[%emt 0:10:50]} Ne5 {[%emt 0:04:23]} 16. Nd4 {[%emt 0:11:40]} Bb7 {[%emt 0:07:46]} 17. Ndxb5 {[%emt 0:17:00]} axb5 {[%emt 0:11:54]} 18. Nxb5 {[%emt 0:00:14]} Qb6 {[%emt 0:00:32]} 19. Nxd6 {[%emt 0:02:01]} Ng6 {[%emt 0:00:57]} 20. Qg3 {[%emt 0:00:59]} e5 {[%emt 0:05:12]} 21. b3 {[%emt 0:18:39]} Rfd8 {[%emt 0:08:23]} 22. Nxb7 {[%emt 0:02:40]} Qxb7 {[%emt 0:00:12]} 23. Qe3 {[%emt 0:00:26]} Nf4 {[%emt 0:04:53]} 24. g3 {[%emt 0:03:01]} Nh3+ {[%emt 0:00:42]} (24... Ng4 $142 25. Qf3 Nh3+ 26. Kg2 Nhxf2) 25. Kg2 {[%emt 0:01:24]} Ng5 {[%emt 0:04:37]} 26. f3 {[%emt 0:00:56]} Rxd1 {[%emt 0:02:30]} 27. Rxd1 {[%emt 0:00:04]} Qc8 {[%emt 0:00:04]} 28. Rd3 {[%emt 0:10:19]} Qh3+ {[%emt 0:04:29]} 29. Kg1 {[%emt 0:00:03]} Nh5 {[%emt 0:00:35]} 30. Qd2 {[%emt 0:00:57]} Nxg3 {[%emt 0:03:52]} 31. hxg3 {[%emt 0:00:37]} Qxg3+ {[%emt 0:00:10]} 32. Kf1 {[%emt 0:03:57] [#]} Nxf3 $2 {[%emt 0:00:53]} ({Black should play} 32... Nh3 $1 $19 33. Qg2 Qxg2+ 34. Kxg2 Nf4+ {[%mdl 64] Double Attack} 35. Kg3 Nxd3 36. Bxd3 Rxa2) 33. Qf2 $15 {[%emt 0:01:05]} Qh3+ {[%emt 0:03:40]} 34. Ke2 {[%emt 0:00:09]} Qh1 {[%emt 0:00:40]} 35. Rd1 {[%emt 0:00:03]} Qh2 {[%emt 0:02:01]} 36. Kxf3 {[%emt 0:00:20]} Qh5+ {[%emt 0:00:02]} 37. Ke3 {[%emt 0:00:21]} Qxd1 {[%emt 0:00:02]} 38. Qc2 {[%emt 0:00:16]} Qg1+ {[%emt 0:00:45]} 39. Kf3 {[%emt 0:00:11]} Ra6 {[%emt 0:00:03]} 40. Ke2 {[%emt 0:00:22]} Rf6 {[%emt 0:00:22]} 41. Kd3 {[%emt 0:00:12]} Qf1+ {[%emt 0:00:04]} 42. Qe2 {[%emt 0:00:06]} Rf3+ {[%emt 0:00:25]} 0-1

[Event "Gibraltar Challengers A 2020"]
[Site "Caleta"]
[Date "2020.01.23"]
[Round "4.1"]
[White "Hristodorescu, Daniel"]
[Black "Carrascoso Morales, Abel"]
[Result "0-1"]
[WhiteElo "2172"]
[BlackElo "2229"]
[Annotator "TA"]
[PlyCount "72"]
[EventDate "2020.01.20"]
[EventType "swiss"]
[EventCountry "GGB"]
[SourceTitle "playchess.com"]
[Source "ChessBase"]
[SourceQuality "1"]

{[%evp 11,72,10,17,22,63,17,16,23,17,8,22,13,18,6,12,0,40,10,16,0,44,38,85,-67,-25,-25,-26,-44,-56,-43,-14,-58,-52,-125,-128,-133,-141,-134,-137,-231,-232,-241,-242,-250,-236,-276,-274,-275,-275,-278,-279,-275,-259,-276,-273,-314,-317,-297,-277,-344,-345,-353,-362]} 1. e4 d6 2. d4 Nf6 3. Nc3 g6 4. Bg5 Bg7 5. f4 c6 6. Nf3 O-O 7. Bd3 {B07: Pirc Defence: Miscellaneous Systems} (7. Qd2 b5 8. Bd3 Bg4 9. a3 Nbd7 10. e5 Bxf3 11. gxf3 Nh5 12. f5 dxe5 13. d5 cxd5 14. Nxd5 Ndf6 15. Nxf6+ exf6 16. Be3 Qc7 17. O-O-O Rab8 18. Be4 Rfd8 19. Qb4 a5 {½-½ (19) Nestorovic,N (2473)-Kadric,D (2542) Sarajevo 2019}) 7... b5 8. e5 b4 $146 ({Predecessor:} 8... Ne8 9. Qe2 f6 10. Bh4 Nc7 11. O-O b4 12. Ne4 a5 13. c4 bxc3 14. bxc3 Ba6 {1-0 (54) Kostic,V (2400)-Popchev,M (2331) Novi Sad 2014}) 9. Ne2 {The position is equal.} Nd5 10. Qd2 f6 11. Bh4 Ba6 12. a3 Bxd3 13. Qxd3 Qb6 14. exd6 exd6 15. f5 Re8 {...bxa3 is the strong threat.} 16. O-O Re3 {[#]} 17. Qc4 $2 ({White should try} 17. Qd2 $1 $16) 17... Qa6 18. Qxa6 Nxa6 19. Nc1 bxa3 20. bxa3 gxf5 21. Bf2 Rc3 $36 {[%mdl 2048] Black fights for an advantage.} 22. Ne2 ({Better is} 22. Nh4 $15) 22... Rxc2 $17 23. Ng3 f4 24. Nf5 Re8 25. Nxg7 (25. Rfc1 $17 Ree2 26. Rxc2 Rxc2 27. Nxd6) 25... Kxg7 $19 26. Nh4 Ree2 27. Rab1 Rb2 {[#] And now ...Rxf2! would win.} 28. Rxb2 Rxb2 29. Nf5+ Kg6 30. Nxd6 Ra2 31. Nc4 Rc2 32. Na5 Nac7 33. h3 Ne3 34. Re1 Ncd5 35. a4 Kf5 36. Nb3 Ke4 {Accuracy: White = 32%, Black = 66%.} 0-1

[Event "Gibraltar Challengers A 2020"]
[Site "Caleta"]
[Date "2020.01.23"]
[Round "4.2"]
[White "Bengherabi, Khalil"]
[Black "Piasetski, Leon"]
[Result "0-1"]
[WhiteElo "2106"]
[BlackElo "2219"]
[Annotator "TA"]
[PlyCount "58"]
[EventDate "2020.01.20"]
[EventType "swiss"]
[EventCountry "GGB"]
[SourceTitle "playchess.com"]
[Source "ChessBase"]
[SourceQuality "1"]

{[%evp 13,58,45,68,47,47,43,43,41,49,24,36,44,34,35,44,0,0,0,3,6,12,0,0,-17,-25,-16,-11,-15,-15,-64,-56,-50,-52,-63,-60,-108,-99,-228,-220,-214,-227,-282,-287,-404,-404,-347,-337]} 1. e4 c5 2. Nf3 e6 3. d4 cxd4 4. Nxd4 a6 5. Bd3 Bc5 6. Nb3 Be7 7. Qg4 g6 8. Nc3 {B42: Sicilian: Kan Variation: 5 Bd3} (8. Qe2 d6 9. O-O Nc6 10. Nc3 b5 11. a4 b4 12. Na2 Bb7 13. a5 Nf6 14. Bh6 Qc7 15. Rfc1 Rg8 16. c3 bxc3 17. Nxc3 {0-1 (36) Erenburg,S (2589)-Caruana,F (2828) chess.com INT 2019}) 8... d6 9. Qe2 Nd7 10. O-O {White is slightly better.} Ne5 11. Be3 Nf6 12. f4 Nxd3 13. cxd3 O-O {[#]} 14. Na4 $146 ({Predecessor:} 14. a4 b6 15. g4 Bb7 16. Rae1 {½-½ (25) Zhigalko,S (2675)-Zubov,A (2607) Jerusalem 2015}) 14... b5 15. Nb6 Rb8 16. Nxc8 Rxc8 17. Rfc1 Qd7 18. Bd4 b4 19. Rc4 Rxc4 20. dxc4 Qc6 21. Nd2 e5 22. fxe5 dxe5 23. Bf2 Rd8 24. Re1 Bc5 25. Nf3 (25. Bxc5 $17 {might work better.} Qxc5+ 26. Kh1) 25... Ng4 $19 26. Bxc5 Qxc5+ 27. Kf1 {[#] intending h3.} Rd3 $1 {[%mdl 512]} 28. Rc1 (28. h3 {only move.} Ne3+ {[%mdl 64] Double Attack} 29. Kg1 Nc2+ {[%mdl 64] Discovered Attack} 30. Qf2 Qxf2+ 31. Kxf2 Nxe1 32. Kxe1) (28. Qxd3 Qf2#) 28... Re3 29. Qd2 Rxe4 {Accuracy: White = 25%, Black = 95%.} 0-1

[Event "Gibraltar Challengers A 2020"]
[Site "Caleta"]
[Date "2020.01.23"]
[Round "4.3"]
[White "Onabogun, Kolade"]
[Black "De Abreu, Roberto N"]
[Result "0-1"]
[WhiteElo "2198"]
[BlackElo "2154"]
[Annotator "TA"]
[PlyCount "144"]
[EventDate "2020.01.20"]
[EventType "swiss"]
[EventCountry "GGB"]
[SourceTitle "playchess.com"]
[Source "ChessBase"]
[SourceQuality "1"]

{[%evp 13,143,52,74,74,113,85,85,44,131,64,80,75,89,73,64,35,45,34,58,40,51,45,82,84,90,62,71,56,118,108,112,45,58,56,58,50,78,44,67,40,33,0,0,-12,-12,-4,-9,-12,-8,-72,-72,-72,-64,-74,-69,-82,-38,-54,-40,-52,-39,-62,-34,-50,0,0,84,51,76,76,76,76,76,76,76,76,76,76,219,181,226,164,207,76,76,76,76,76,76,0,76,76,76,76,76,76,76,76,76,76,76,76,76,0,76,0,76,0,76,0,76,76,91,14,18,0,83,0,0,-8,-8,-8,-8,-8,-8,-8,-8,-8,-8,-8,-8,-29999]} 1. e4 e6 2. d4 d5 3. Nc3 Bb4 4. e5 Qd7 5. Bd2 b6 6. Nf3 Nc6 7. Bd3 Bb7 8. a3 {C16: French: 3 Nc3 Bb4 4 e5: Lines without ...c5} (8. O-O O-O-O 9. Qe2 Kb8 10. a3 Bf8 11. b4 f5 12. Rfb1 h6 13. Nd1 g5 14. c3 Nge7 15. a4 Ng6 {1-0 (44) Beaskoa Estany,G (2068)-Delgado Pico,L (2177) Barcelona 2014}) 8... Be7 9. h4 $146 ({Predecessor:} 9. Qe2 a6 10. O-O Nd8 11. Nd1 c5 12. c3 c4 13. Bc2 f5 {0-1 (61) Voet,W-Kuijper,B Alkmaar 1991}) 9... O-O-O 10. Bf4 {White is better.} f5 (10... f6 $14) 11. Qe2 (11. Ne2 $16) 11... Nh6 12. O-O-O Na5 13. b4 Nc6 14. Bb5 Kb8 15. Na2 Qc8 16. Kb2 a6 17. Bd3 Bf8 18. Rb1 Nf7 19. Ka1 Be7 20. a4 g6 ({Black should play} 20... Qd7 $14) 21. Bd2 $16 Na7 22. b5 (22. a5 $16) 22... a5 $1 $14 23. Ng5 Rdf8 24. f4 h6 25. Nf3 Qd8 26. Qe1 (26. Rbg1 {is interesting.} c5 27. bxc6 Nxc6 28. g4 Rhg8 29. g5) 26... g5 27. hxg5 (27. Qf2 {seems wilder.} Rfg8 28. g3 Rg7 29. Nc3 gxh4 30. Nxh4 Rhg8 31. Rhg1) 27... hxg5 28. Rxh8 Rxh8 29. fxg5 Nxg5 30. Nxg5 Bxg5 31. Bxa5 (31. Nc3 $11) 31... bxa5 $17 32. Qxa5 Be7 33. Qc3 Nc8 34. a5 $1 Ba8 35. Qb3 Rg8 36. Nc3 Rxg2 {Strongly threatening ...Rg4.} 37. Na4 $1 Rg4 38. Qc3 Qd7 39. Rh1 {[%cal Bb1h1,Bh1h7,Bh7f7][%mdl 32]} f4 (39... Rg8 $11) 40. Rh7 {[#] Hoping for Nc5.} Qd8 41. Nc5 Bxc5 42. Qxc5 Rg1+ 43. Kb2 f3 44. Rf7 Rg8 45. Rxf3 Qe7 (45... Re8 $16 {was worth a try.}) 46. Rf6 $18 {[%mdl 1024] White has strong compensation.} Rg7 47. Bg6 Qd7 48. Bh5 (48. Kb3 $18 {has better winning chances.}) 48... Rh7 $16 49. Bg4 Re7 50. Rf8 Re8 {White must now prevent ...Rxf8.} 51. Rf6 Re7 $1 52. Kb3 Bb7 53. Kb4 Qe8 54. Be2 Ba8 55. Bd3 Bb7 56. Kb3 Qd8 57. Be2 Qe8 58. Bg4 (58. Kb2 $16) 58... Ba8 (58... Qd7 $11 {remains equal.}) 59. Be2 Bb7 $1 60. Kb4 (60. c3 $16) 60... Qd8 (60... Ba8 $1 $11) 61. Bd3 (61. Ka3 $16) 61... Qd7 (61... Qe8 $1 $11 {keeps the balance.}) 62. Bg6 {Threatens to win with a6.} Rg7 63. Qf8 ({Better is} 63. c3 $16) 63... Re7 $11 64. Rf7 Ka7 (64... c6 $11) 65. Rxe7 (65. Rf3 $16) 65... Nxe7 66. Be8 Qd8 67. Qf7 Bc8 68. Kc5 Bd7 69. Bxd7 Qxd7 70. c3 Kb7 71. Qf8 Nc8 72. Qf1 $2 {[%mdl 8192] [#]} (72. Kb4 $11) 72... Qe7# {Accuracy: White = 47%, Black = 41%.} 0-1